Movies Quiz

Random Movies or Country Quiz

Countries of the World by Film/Movie Scene Quiz Stats

 Plays Quiz not verified by Sporcle

Challenge
Share
Tweet
Score 0/20 Timer 07:00
0 Plays Today
% Correct
United States (New York)
99.7%
Italy (Venice)
99%
India (Taj Mahal)
90.5%
United Kingdom (Alnwick Castle)
89.2%
Japan (Gonpachi Odaiba Restaurant)
83.4%
Austria (Salzburg)
82.7%
France (Louvre, Paris)
82.4%
New Zealand (Hobbiton, Matamata)
81.4%
United Arab Emirates (Dubai)
77.6%
Canada (British Colombia)
73.2%
% Correct
Greece (Skathios Island)
69.5%
Turkey (Istanbul)
64.1%
Brazil (Rio de Janeiro)
63.4%
Thailand (Maya Beach)
55.9%
Tunisia (Matmata)
48.8%
Monaco (Monte Carlo)
41.4%
Jordan (Wadi Rumm)
40.3%
Cambodia (Ta Prohm)
37.3%
Republic of Ireland (Curracloe Beach)
31.5%
Malta (Ricasoli)
20%

You're not logged in!

Compare scores with friends on all Sporcle quizzes.
Join for Free
OR
Log In

You Might Also Like...

Show Comments

Extras

Top Quizzes Today


Score Distribution

Your Account Isn't Verified!

In order to create a playlist on Sporcle, you need to verify the email address you used during registration. Go to your Sporcle Settings to finish the process.

Report this User

Report this user for behavior that violates our Community Guidelines.

Details: